| 000 | 01520cam a22002655a 4500 | ||
|---|---|---|---|
| 001 | L151150 | ||
| 008 | 101004e2010 xxk 000 0 eng d | ||
| 035 | _a(Sirsi) u151150 | ||
| 041 | 0 | _aeng | |
| 245 | 0 | 0 | _aMourant & Co Trustees Limited, Mourant Property Trustees Limited v Sixty UK Limited, Peter Hollis, Nicholas O'Reilly (in their capacity as joint supervisors of Sixty UK Ltd) |
| 260 | _c2010 | ||
| 520 | _a[2010] EWHC 1890 (Ch), 23 July 2010. Challenges the use of company voluntary arrangements (CVAs) by tenant companies following the Powerhouse case (see L138112) to deprive landlords of the benefit of third party guarantees of tenants' liabilities. Held: The CVA imposed on the landlords (M) unfairly prejudiced their interests and must be set aside. Respondent S's joint administrators had sided with S instead of being impartial. | ||
| 590 | _aKA | ||
| 650 | 2 | 4 | _aMOURANT & CO LTD V SIXTY UK LTD (IN ADMINISTRATION) |
| 650 | 2 | 4 | _aPRUDENTIAL ASSURANCE CO LTD AND OTHERS V PRG POWERHOUSE LTD AND OTHERS |
| 650 | 2 | 4 | _aSISU CAPITAL FUND LTD V TUCKER |
| 650 | 2 | 4 | _aRE T & N LTD |
| 650 | 2 | 4 | _aRE A DEBTOR (NO 101 OF 1999) |
| 650 | 2 | 4 | _aRE ENGLISH, SCOTTISH AND AUSTRALIAN BANK |
| 650 | 2 | 4 | _aINSOLVENCY ACT 1986 S6 |
| 651 | 4 |
_aEngland and Wales _y1543- |
|
| 690 | _aPROPERTY-COMMERCIAL PROPERTY-LEASEHOLD COMMERCIAL PROPERTY-COMMERCIAL LANDLORD AND TENANT | ||
| 856 | 4 | 8 |
_uhttps://www.bailii.org/ew/cases/EWHC/Ch/2010/1890.html _zView the law report free of charge at www.bailii.org |
| 942 | _n0 | ||
| 999 |
_c82713 _d82713 |
||